000 00698nam a2200229Ia 4500
003 GCL
008 140319s9999 xx 000 0 ara d
040 _aGCL /
_cGCL
082 0 4 _a953.0962
_bل ص
100 1 _aليلى عبداللطيف احمد
245 1 0 _aالصعيد فى عهد شيخ العرب همام /
_cليلى عبداللطيف احمد
260 _a[S.N] :
_bالهيئة المصرية العامة للكتاب ،
_c1987
300 _a204 ص
490 _a
650 0 4 _aمصر
650 0 4 _aتاريخ
650 0 4 _aالهوارة
650 0 4 _aتغريبة بنى هلال
650 0 4 _aشيخ العرب همام
650 0 4 _aالصعيد
942 _2ddc
_cBK
999 _c30226
_d30226